00378pab a2200133 454500008004000000100001500040245009200055260000900147300001300156362001100169650002400180700002000204773002000224180718b2009 xxu||||| |||| 00| 0 eng d aNaik, B.M. aExpanding horizons in technical education to reach to world class standard: a challenge c2009 ap.13-18. a14 Sep aTechnical education aKandlikar, W.S. aUniversity News